000 00863cam a22002533a 4500
001 30944
003 PGUSA
005 20140828083653.0
008 100112s2010||||xxu|||||s|||||000 | eng d
040 _aPGUSA
_beng
042 _adc
050 4 _aPR
100 1 _aKingsley, Charles,
_d1819-1875
245 1 0 _aLectures Delivered in America in 1874
_h[electronic resource] /
_cCharles Kingsley
260 _bProject Gutenberg,
_c2010
505 0 _aWestminster Abbey -- The stage as it was once -- The first discovery of America -- The servant of the Lord -- Ancient civilisation.
506 _aPublic domain in the USA.
516 _aElectronic text
653 _aSpeeches, addresses, etc.
700 1 _aKingsley, Frances Eliza Grenfell,
_d1814-1891
830 0 _aProject Gutenberg
_v30944
856 4 0 _uhttp://www.gutenberg.org/ebooks/30944
942 _cEB
999 _c260199
_d260199